| 000 | 01273nam a2200337 a 4500 | ||
|---|---|---|---|
| 001 | vtls001619707 | ||
| 003 | NLI | ||
| 005 | 20210628133935.0 | ||
| 008 | 121214s1967 ii c 000 0 asm | ||
| 020 | _cRs. 12.00 | ||
| 039 | 9 |
_y201212141943 _zVLOAD |
|
| 040 |
_aNLI _basmeng _cDatasoft_Assamese _eAACR2 |
||
| 041 | 0 | _aasm | |
| 044 | _a ii | ||
| 082 | 0 | 4 | _a 398.3095416 |
| 100 | 1 |
_6880-01 _aৱৰুৱা, ৱিৰিঞ্চিকুমাৰ _9678533 |
|
| 245 | 1 | 0 |
_6880-02 _aঅসমৰ লোক সংস্কৃতি / _cৱিৰিঞ্চিকুমাৰ ৱৰুৱা |
| 260 |
_aগুৱাহাটী : _bশান্তিছায়া ৱৰুৱা, _c1967 |
||
| 300 |
_avi, 299 p. : _bports. ; _c22 cm. |
||
| 500 | _aLibrary has 2 cops. | ||
| 650 | 0 |
_aFolklore _zIndia _zAssam _9898132 |
|
| 650 | 0 |
_aFairy tales _zIndia _zAssam _91075133 |
|
| 880 | 1 | 0 |
_6245-02(B _aAsamar lok saṁskṛti / _cBiriñcikumār Barubā |
| 880 |
_6100-01(B _aBarubā, Biriñcikumār |
||
| 887 | _a Soma Chatterjee (02.05.2012) Riya | ||
| 901 |
_a2031 _b22.04.1970 _9c.2 |
||
| 902 | _aA 398.3095416 B 7584 a | ||
| 904 |
_cSoma Chatterjee (02.05.2012) Riya _lA 300 |
||
| 949 |
_AVIRTUAITEM _D10000 _X100 _6DBA000002031ASM |
||
| 942 |
_2ddc _cBKS |
||
| 999 |
_aVIRTUA40 _c1069338 _d1069338 |
||